000 01540nam0a2200349 4500
001 RU\NLR\BIBL_A\012422518
005 20260405175432.0
021 _aRU
_b84-57830
035 _a(NLR Aleph) 012422518
090 _a11834351
_c11834350
100 _a20201216d1984 |||y0rusy50 ca
101 0 _arus
102 _aRU
105 _aa z||||||||
181 0 _ai
_baxxe
182 0 _an
200 1 _aЭкспериментальный метод исследования мюонного катализа ядерного dd-синтеза
_fД. В. Балин, А. А. Воробьев, Ан. А. Воробьев и др.
203 _aТекст
_bвизуальный
_cнепосредственный
210 _aЛенинград
_cЛИЯФ
_d1984
215 _a54 с.
_cил.
_d20
225 1 _aПрепринт
_fЛенинградский институт ядерной физики им. Б. П. Константинова
_v№ 964
320 _aБиблиогр.: с. 54 (11 назв.)
606 1 _aМюонный катализ
_91046897
_3RU\NLR\AUTH\6685966
686 1 _aГ555.2
701 1 _aБалин
_bД. В.
701 1 _4070
_8rus
_7ca
_aВоробьев
_bА. А.
_cд-р физ.-мат. наук, ядерная физика
_f1931-2021
_gАлексей Алексеевич
_3RU\NLR\AUTH\7776507
_959435
701 1 _aВоробьев
_bАн. А.
852 _aNLR
_j84-4/26607
942 _cBOOK
980 _aNB